Central Library OPAC University of Rajshahi

Politics in the Philippines : (Record no. 40804)

MARC details
000 -LEADER
fixed length control field 00854nam a2200265 a 4500
001 - CONTROL NUMBER
control field 40804
003 - CONTROL NUMBER IDENTIFIER
rucl marc code BD-RjUL
005 - DATE AND TIME OF LATEST TRANSACTION
control field 20211209053300.0
008 - FIXED-LENGTH DATA ELEMENTS--GENERAL INFORMATION
fixed length control field 160510s1964 maub 001 0 eng
035 ## - SYSTEM CONTROL NUMBER
System control number (BD-RjUL)40919
040 ## - CATALOGING SOURCE
Original cataloging agency DLC
Transcribing agency DLC
Modifying agency BD-RjUL
Language of cataloging eng
041 ## - LANGUAGE CODE
Language code of text/sound track or separate title eng
082 ## - DEWEY DECIMAL CLASSIFICATION NUMBER
Classification number 320.9914
Author mark and year GRP 1964
100 1# - MAIN ENTRY--PERSONAL NAME
Personal name Grossholtz, Jean
9 (RLIN) 125561
245 10 - TITLE STATEMENT
Title Politics in the Philippines :
Remainder of title a country study /
Statement of responsibility, etc. Jean Grossholtz
260 ## - PUBLICATION, DISTRIBUTION, ETC. (IMPRINT)
Place of publication, distribution, etc. Boston :
Name of publisher, distributor, etc. Little Brown and Company,
Date of publication, distribution, etc. c1964
300 ## - PHYSICAL DESCRIPTION
Pagination xvi, 293 p. :
Illustrations ill. ;
Size 20 cm.
490 1# - SERIES STATEMENT
Series statement Little, Brown series in comparative politics
500 ## - GENERAL NOTE
General note Includes index
651 #0 - SUBJECT ADDED ENTRY--GEOGRAPHIC NAME
Geographic name Philippines
General subdivision Politics and government
Chronological subdivision 1946-1973.
9 (RLIN) 125562
830 #0 - SERIES ADDED ENTRY--UNIFORM TITLE
Uniform title Little, Brown series in comparative politics.
942 ## - ADDED ENTRY ELEMENTS (KOHA)
Source of classification or shelving scheme Dewey Decimal Classification
Koha item type Books
Holdings
Lost status Source of classification or shelving scheme Damaged status Not for loan Collection code Permanent Location Current Location Shelving location Date acquired Source of acquisition Total Checkouts Full call number Date last seen Copy number Koha item type
  Dewey Decimal Classification   Not For Loan Non-fiction Central Library, University of Rajshahi Central Library, University of Rajshahi Reading Room 15/01/1975 Md. Obidul Huq   320.9914 GRP 1964 10/05/2016 C-1 Books